Indie Artists by Song - Statistics

General Stats
  • This quiz has been taken 845 times
  • The average score is 16 of 45
Answer Stats
Hint Answer % Correct
Creep Radiohead
88%
I Bet You Look Good On The Dancefloor Arctic Monkeys
83%
Take Me Out Franz Ferdinand
79%
Losing My Religion R.E.M
76%
Bitter Sweet Symphony The Verve
74%
Buddy Holly Weezer
68%
Should I Stay Or Should I Go The Clash
67%
A-Punk Vampire Weekend
66%
Are You Gonna Be My Girl Jet
61%
Teenage Dirtbag Wheatus
56%
Time To Pretend MGMT
53%
She Moves In Her Own Way The Kooks
49%
There She Goes The La's
49%
Human The Killers
47%
Maps Yeah Yeah Yeah's
43%
The Middle Jimmy Eat World
42%
Moving To New York The Wombats
40%
1901 Phoenix
39%
Fools Gold The Stone Roses
38%
Cocoon Catfish and The Bottlemen
37%
Town Called Malace The Jam
36%
Howlin' For You The Black Keys
34%
Laid James
33%
Jerk It Out Ceasars
30%
Underdog Kasabian
30%
Whatever Oasis
28%
Fit But You Know It The Streets
28%
Sticks 'n' Stones Jamie T
27%
Up The Bracket The Libertines
25%
Golden Touch Razorlight
23%
Are You In Love With A Notion The Courteeners
23%
Never Miss A Beat Kaiser Chiefs
22%
One Day Like This Elbow
21%
Jackie and Wilson Hozier
18%
Sleepyhead Passion Pit
17%
Loaded Primal Scream
14%
Lonesome Street Blur
13%
Gamma Ray Beck
10%
Ratchet Bloc Party
10%
Red Morning Light Kings of Leon
10%
Take Back The City Snow Patrol
8%
Best Friend Foster The People
7%
Lost on Me Peace
6%
Animals Miike Snow
3%
Swallow Crystal Fighters
1%
No matching quizzes found
Score Distribution
Percent of People with Each Score
Percentile by Number Answered
Your Score History
You have not taken this quiz